000 00757nam a2200241Ia 4500
003 OSt
005 20221005104427.0
006 a|||||r|||| 00| 0
007 ta
008 221004b |||||||| |||| 00| 0 hin d
024 _a31077
037 _cTextual
040 _aCRL
_cCRL
_bhin
041 _2hin
_ahin
082 _aR65, 152N1
100 _aवेदालंकार, जयदेव
245 0 _aवैदिक दर्शन
246 _aVaidik darshana
260 _aदिल्ली
_bभारतीय विद्या प्रकाशन भारत
_c1991
300 _a651पृ.
_ccm.
942 _hR65, 152N1
_cTEXL
_2cc
999 _c1012693
_d1012693